| 000 | 01355nam a2200337 i 4500 | ||
|---|---|---|---|
| 001 | 000003209 | ||
| 003 | DO-SdBNP | ||
| 005 | 20260521073716.0 | ||
| 007 | ta | ||
| 008 | 090707s2006 dr ac r 000 0 spa d | ||
| 040 |
_aDO-SdBNP _bspa _cBNPHU _erda |
||
| 082 | 4 |
_a342.729305 _bS225s _222 |
|
| 100 | 1 |
_aSang, Mu-Kien A. _d1955- _q(Mu-Kien Adriana) _9331 |
|
| 245 | 1 | 3 |
_aEl senado de la República : _bhistoria y porvenir / _cMu-Kien Adriana Sang, José Chez Checo, Francisco Cueto Villamán ; presentación Andrés Bautista García. |
| 264 |
_aSanto Domingo : _bSenado de la República, _c2006. |
||
| 300 |
_a702 páginas _bilustraciones, retratos : _c28 cm. |
||
| 336 |
_2rdacontent _atexto _btxt |
||
| 337 |
_2rdamedia _asin mediación _bn |
||
| 338 |
_2rdacarrier _avolumen _bnc |
||
| 500 | _aIncluye referencias bibliográficas y notas al pie de las página | ||
| 590 | _aInventariado, 2018/ YL | ||
| 650 | 0 |
_aPoder legislativo _910141 |
|
| 650 | 4 |
_aGobierno parlamentario _910143 |
|
| 651 | 4 |
_aRepública Dominicana _xSenado _xHistoria _910142 |
|
| 651 | 0 |
_aRepública Dominicana _xPolítica y gobierno _945 |
|
| 700 | 1 |
_aChez Checo, José, _d1949- _910145 |
|
| 700 | 1 |
_aFrancisco Cueto Villamán _d1948- _910146 |
|
| 700 | 1 |
_aBautista García, Andrés, _910147 _epresentación |
|
| 910 | _aValidado. Control de calidad MMOLINA | ||
| 942 |
_2ddc _cLBS1 |
||
| 999 |
_c3040 _d3040 |
||